| Record ID | ia:hungrytide0000ghos |
| Source | Internet Archive |
| Download MARC XML | https://archive.org/download/hungrytide0000ghos/hungrytide0000ghos_marc.xml |
| Download MARC binary | https://www.archive.org/download/hungrytide0000ghos/hungrytide0000ghos_meta.mrc |
LEADER: 03079cam 2200577Ia 4500
001 ocm59204287
003 OCoLC
005 20210513222719.0
008 050421s2005 ii 000 f eng d
040 $aUKV3G$beng$cUKV3G$dUKM$dUAT$dOCLCQ$dOCLCF$dOCLCO$dOCLCQ$dAUHCL$dUKMGB
015 $aGBA481292$2bnb
016 7 $a013038694$2Uk
019 $a57005861
020 $a0007141785
020 $a9780007141784
020 $a8172236131
020 $a9788172236137
035 $a(OCoLC)59204287$z(OCoLC)57005861
043 $aa-bg---$aa-ii---
050 4 $aPR9499.3.G536$bH86 2005
082 04 $a823.914$222
100 1 $aGhosh, Amitav.
245 14 $aThe hungry tide /$cAmitav Ghosh.
260 $aNew Delhi :$bHarperCollins Publishers India :$bA joint venture with the India Today Group,$c2005.
300 $a402 pages ;$c20 cm
336 $atext$btxt$2rdacontent
337 $aunmediated$bn$2rdamedia
338 $avolume$bnc$2rdacarrier
500 $aOriginally published: 2004.
520 $aOff the easternmost coast of India lies the immense archipelago of tiny islands known as the Sundarbans. Life here is precarious, ruled by the unforgiving tides and the constant threat of attacks by Bengal tigers. Into this place of vengeful beauty come two seekers from different worlds, whose lives collide with tragic consequences. The settlers of the remote Sundarbans believe that anyone without a pure heart who ventures into the watery island labyrinth will never return. With the arrival of two outsiders from the modern world, the delicate balance of small community life uneasily shifts. Piya Roy is a marine biologist, of Indian descent but stubbornly American, in search of a rare dolphin. Kanai Dutt is an urbane Delhi businessman, here to retrieve the journal of his uncle, who died mysteriously in a local political uprising. When Piya hires an illiterate but proud local fisherman to guide her through the crocodile-infested backwaters, Kanai becomes her translator. From this moment, the tide begins to turn. A contemporary story of adventure and romance, identity and history, The Hungry Tide travels deep into one of the most fascinating regions on earth, where the treacherous forces of nature and human folly threaten to destroy a way of life.
651 0 $aSundarbans (Bangladesh and India)$vFiction.
651 7 $aAsia$zSundarbans.$2fast$0(OCoLC)fst01310275
650 4 $aSundarbans (Bangladesh and India) - Fiction.
650 4 $aCulture conflict - Fiction.
650 4 $aDolphins - Fiction.
655 7 $aFiction.$2fast$0(OCoLC)fst01423787
029 1 $aNOK$b0007141785
029 1 $aUKBCI$b014067455
029 1 $aUKBNS$b014067455
029 1 $aUKBOR$b014067455
029 1 $aUKDOR$b014067455
029 1 $aUKPMH$b0007141785
029 1 $aUKPMH$b014067455
029 1 $aUKPTR$b0007141785
029 1 $aUKSCO$b014067455
029 1 $aUKSGC$b014067455
029 1 $aUKSOM$b014067455
029 1 $aUNITY$b014067455
029 1 $aUKMGB$b013038694
994 $aZ0$bP4A
948 $hNO HOLDINGS IN P4A - 82 OTHER HOLDINGS